Statystyki dla 15 krajów o największej liczbie zgonów Covid19 - 2 lipca

Kliknij tutaj aby rozwiązać quiz!

Ogólne statystyki

  • Ten quiz został rozwiązany 28 razy
  • Średni wynik to 13 z 20

Statystyki odpowiedzi

kraj% Poprawnych
Stany Zjednoczone
100%
Hiszpania
96%
Francja
92%
Włochy
92%
Kanada
84%
Niemcy
84%
Rosja
84%
Meksyk
80%
Brazylia
76%
Indie
76%
Wielka Brytania
76%
Szwecja
56%
Belgia
52%
Holandia
52%
Iran
52%
Chile
44%
Peru
44%
Szwajcaria
36%
Ekwador
16%
Irlandia
16%

Rozkład punktacji

Percentyl według liczby udzielonych odpowiedzi

Procent ludzi z każdym wynikiem

Twoja historia wyników

Nie rozwiązałeś tego quizu